00743nam a22002057a 4500999001900000005001700019010001500036020002600051035001400077037001300091082001300104245008700117260004500204270006100249300002800310700002300338700001400361942002700375952013500402 c189105d18910520220620103519.0 aENG-133262 a9780198072461c695.00 aEN-116794 bDBAD/PUB a004.0954 aHomi Bhabha and the Computer Revolution/cEdited by R.K. Shuamasundar and M.A. Pai aNew DelhibOxford University Pressc2011 aYMCA Library Building, Jai Singh RoadbNew Delhie110001 a256p.bindexc23cm(hbk) aShyamasundar, R.K. aPai, M.A. 2ddccENh004.0954mHOM 001040708NFICaBNbBNd2022-06-20eDBAD/PUBg695.00l1o004.0954 HOMpEN-116794r2023-03-16 00:00:00s2023-02-21t1v695.00yEN